Športová diplomacia a jej úloha v medzinárodných vzťahoch bakalárska práca

Gespeichert in:
Bibliographische Detailangaben
1. Verfasser: Dzurjuvová, Kamila
Körperschaft: Fakulta medzinárodných vzťahov EU. Katedra medzinárodných politických vzťahov
Weitere Verfasser: Borošová, Lucia
Format: Buch
Sprache:Slowakisch
Veröffentlicht: Bratislava 2016
Tags: Tag hinzufügen
Keine Tags, Fügen Sie das erste Tag hinzu!

MARC

LEADER 00000nbm a2200000 4500
001 0218132
005 20170131123318.6
041 0 |a slo 
044 |a SK 
245 1 0 |a Športová diplomacia a jej úloha v medzinárodných vzťahoch  |b bakalárska práca  |c Kamila Dzurjuvová ; školiteľ: Lucia Borošová 
264 1 |a Bratislava  |c 2016 
300 |a 41 s. 
100 1 |a Dzurjuvová, Kamila 
700 1 |a Borošová, Lucia 
710 2 |a Fakulta medzinárodných vzťahov EU. Katedra medzinárodných politických vzťahov